Dynamic Bible study methods /
Saved in:
| 主要作者: | |
|---|---|
| 格式: | 圖書 |
| 語言: | 英语 |
| 出版: |
Wheaton :
Victor,
1981.
|
| 主題: | |
| 標簽: |
沒有標簽, 成為第一個標記此記錄!
|
MARC
| LEADER | 00000cam a22000002a 4500 | ||
|---|---|---|---|
| 001 | 0000005896 | ||
| 003 | DAYSTAR | ||
| 005 | 20171002014401.0 | ||
| 008 | 030703s1981 xx 001 0 eng d | ||
| 020 | |a 0896937615 | ||
| 040 | |a Daystar | ||
| 050 | 1 | |a BS600.2 |b .W32 | |
| 100 | 1 | |a Warren, Rick. | |
| 245 | 1 | 0 | |a Dynamic Bible study methods / |c Rick Warren. |
| 260 | |a Wheaton : |b Victor, |c 1981. | ||
| 300 | |a 251 p. | ||
| 630 | 0 | 0 | |a Bible |x Study and teaching. |
| 908 | |a 060412 | ||
| 942 | |c BK | ||
| 999 | |c 1022 |d 1022 | ||